Miasta w Polsce z nazwą na "Ch" - Statystyki

Ogólne statystyki
  • Ten quiz został rozwiązany 66 razy
  • Średni wynik to 7 z 19
Statystyki odpowiedzi
Województwo Miasto % Poprawnych
śląskie Chorzów
91%
lubelskie Chełm
77%
pomorskie Chojnice
74%
kujawsko-pomorskie Chełmno
57%
małopolskie Chrzanów
57%
wielkopolskie Chodzież
45%
kujawsko-pomorskie Chełmża
43%
dolnośląskie Chojnów
40%
świętokrzyskie Chęciny
38%
zachodnio-pomorskie Choszczno
32%
podlaskie Choroszcz
30%
zachodnio-pomorskie Chojna
26%
świętokrzyskie Chmielnik
25%
małopolskie Chełmek
19%
dolnośląskie Chocianów
19%
zachodnio-pomorskie Chociwel
17%
mazowieckie Chorzele
17%
kujawsko-pomorskie Chodecz
13%
wielkopolskie Chocz
11%
Nie znaleziono quizów pasujących do podanych kryteriów
Rozkład punktacji
Procent ludzi z każdym wynikiem
Percentyl według liczby udzielonych odpowiedzi
Twoja historia wyników
Nie rozwiązałeś tego quizu